000 00453nam a2200181Ia 4500
001 23017
005 20260414150909.0
008 260414t2007||||xx |||||||||||||| ||spa||
041 _aESP
082 _a624.1762
_bP86
100 _aPriestley, M. J. N.
_eAUT
245 0 _aDisplacement-based seismic design of structures
_b
260 _c2007
300 _axvii, 721 páginas :
_c24 cm.
650 _a0
654 _aCIC
942 _cLIB
_dJUS
_fJUS
_2ddc
_n
999 _c23017
_d23017